| 000 | 00800ntaaa2200265 4500 | ||
|---|---|---|---|
| 003 | 01 | ||
| 005 | 20251027203312.0 | ||
| 008 | 0714s1973 ag 01 | ||
| 020 | _a9789501201963 | ||
| 040 |
_aAR-BaBN _bspa _cAR-BaBN _eaacr _dRIC |
||
| 082 | _a370.71 D28 | ||
| 100 | _aDavini, María Cristina | ||
| 245 |
_aLa formación en la práctica docente / _cMaría Cristina Davini |
||
| 260 |
_aBuenos Aires : _bPaidós, _c2015 |
||
| 300 |
_a186 p. ; _c22 cm. |
||
| 490 | _aVoces de la educación | ||
| 500 | _aEd. especial: Ministerio de Educación de la Nación | ||
| 500 | _aBibliografía: p. 177-186 | ||
| 500 | _aDestinado a: Formadores docentes y capacitadores | ||
| 650 | _aEDUCACION | ||
| 650 | _aFORMACION DE DOCENTES | ||
| 650 | _aDIDACTICA | ||
| 800 | _aRottemberg, Rosa | ||
| 942 | _cBK | ||
| 999 |
_c28506 _d28506 |
||